Voting as a marketing strategy.

Analyzuje sa hlasovanie o rozdelení jedného milióna frankov, na základe kolektívneho rozhodnutia, zorganizované firmou Volkswagen vo Švajčiarsku. Výsledok sa porovnáva s analogickým experimentom vykonaným na univerzite v Aarhuse.

Salvato in:
Dettagli Bibliografici
Autore principale: Holler, M.J
Natura: Capitolo di libro
Lingua:inglese
Soggetti:
Tags: Aggiungi Tag
Nessun Tag, puoi essere il primo ad aggiungerne!!

MARC

LEADER 00000naa a2200000 4500
001 r003019
005 20220819194851.3
041 0 |a eng 
044 |a CH 
245 1 0 |a Voting as a marketing strategy.  |c M.J. Holler 
520 |a Analyzuje sa hlasovanie o rozdelení jedného milióna frankov, na základe kolektívneho rozhodnutia, zorganizované firmou Volkswagen vo Švajčiarsku. Výsledok sa porovnáva s analogickým experimentom vykonaným na univerzite v Aarhuse. 
610 2 0 |a marketing 
610 2 0 |a rozhodovanie 
610 2 0 |a Volkswagen 
610 2 0 |a Švajčiarsko 
100 1 |a Holler, M.J.